Datum a čas kvízu
27
Celkem bodů
Celkový počet nahraných bodů na tomto kvízu bez doplňovacích otázek.
12.
Pořadí na kvízu
Konečné umístění týmu na tomto kvízu.
Zaznamenané odpovědi
| # | Otázka | Odpověď | Body | Výsledky |
|---|---|---|---|---|
| 1. | Bývalý fotbalista Tomáš Řepka... | 2,5 roku | 1 | |
| 2. | Bílý dům chtěl po americkém ná... | John McCain | 1 | |
| 3. | V úterý byly před zlínským Vel... | Helena Vondráčková, Jan Hrušínský | 0 | |
| 4. | V úterý byl vyhlášen v České r... | Den daňové svobody | 1 | |
| 5. | Jasně, stručně a výstižně popi... | Nevěděl, jak zápas skončil. | 1 | |
| 6. | Začneme složením vzduchu. Že j... | 1C 2B 3D 4A | 0 | |
| 7. | Nedaleko jednoho středočeského... | Čáslav | 1 | |
| 8. | Seřaďte první čtyři vrstvy atm... | 1B 2C 3A 4D | 0 | |
| 9. | Na obrázku vidíme meteorologic... | izobary | 0 | |
| 10. | Jak se nazývá dýchací systém n... | vzdušnice | 1 |